02005 a2200265 450000500170000002000190001705000210003610000260005724500540008325000190013726400520015630000360020833600260024433700280027033800270029850400500032550500060037552011400038165000270152165000410154865000290158965000400161865000350165865000460169320260316071649.0 a 9780730315476 aHF5718bEUN 2016 aEunson, Badeneauthor aCommunicating in the 21st century /cBaden Eunson aFourth edition aMilton, Australia :bJohn Wiley and Sons,c2016 axxvi,662 pages ;billustrations 2rdacontentatextbtxt 2rdamediaaunmediatedbn 2rdacarrieravolumebnc aIncludes bibliographical references and index a. aCommunicating in the 21st Century (C21), 4th edition, is the most comprehensive, resource package developed in the field of communication in Australia. Significantly, it is an original work, not an adaptation of a US or UK text. The author, Baden Eunson, draws on decades of experience in education and industry, building on the success of the previous editions of this text to deliver a total learning package. Excellent interpersonal and communication skills are increasingly in demand by employers in all industries. By studying the content of C21 in professional communication subjects/units/modules, and being given course credit for their studies. This fourth edition contains comprehensive, up-to-date and highly referenced coverage of communication theory continuing to be balanced with extensive practical skill activities. The resource is written in a user friendly, accessible style and is enhanced by informative illustrations. Each chapter is a tightly structured learning unit based on specific objectives, and includes self-assessment tasks, ethical dilemma case studies, review questions and applied exercises."--Jacket aBusiness communication a Business communication xAustralia  a Communication Research  aCommunication Research xAustralia  aCommunicationxSocial aspects  aCommunication--Social aspects xAustralia